The exercise of permitted development rights in England since 2010 (Record no. 116190)

MARC details
000 -LEADER
fixed length control field 01691cad a22002415a 4500
001 - CONTROL NUMBER
control field L160073
008 - FIXED-LENGTH DATA ELEMENTS--GENERAL INFORMATION
fixed length control field 100415u20180410xxk g 000 0 eng d
035 ## - SYSTEM CONTROL NUMBER
System control number (Sirsi) u160073
041 0# - LANGUAGE CODE
Language code of text/sound track or separate title eng
050 04 - LIBRARY OF CONGRESS CALL NUMBER
Classification number 711.1 $2 18
110 ## - MAIN ENTRY--CORPORATE NAME
Corporate name or jurisdiction name as entry element Royal Institution of Chartered Surveyors
9 (RLIN) 4900
245 04 - TITLE STATEMENT
Title The exercise of permitted development rights in England since 2010
Medium [electronic resource]
260 ## - PUBLICATION, DISTRIBUTION, ETC.
Place of publication, distribution, etc. London
Name of publisher, distributor, etc. RICS
Date of publication, distribution, etc. 2018
490 #0 - SERIES STATEMENT
Series statement RICS Research
520 ## - SUMMARY, ETC.
Summary, etc. Presents an analysis of the exercise of permitted development (PD) rights in England since 2010 and an initial estimate of the direct financial costs and benefits of PD to the public sector. By undertaking a combined research approach involving mapping changes to the residential housing supply across England and conducting a cost-benefit analysis of PD for local authorities, the research highlights a number of interesting findings, such as the bulk of additional dwellings that result from the exercise of PD rights take the form of small scale conversions from business uses; large conversion scheme account for the largest element of the direct financial costs of PD to public authorities; and the extension of PD rights facilitates long term structural change in England?s built environment.
590 ## - LOCAL NOTE (RLIN)
Local note KA NTK
650 24 - SUBJECT ADDED ENTRY--TOPICAL TERM
Topical term or geographic name entry element PERMITTED DEVELOPMENT RIGHTS
650 24 - SUBJECT ADDED ENTRY--TOPICAL TERM
Topical term or geographic name entry element TOWN AND COUNTRY PLANNING (GENERAL PERMITTED DEVELOPMENT) (ENGLAND) ORDER 2015
651 #4 - SUBJECT ADDED ENTRY--GEOGRAPHIC NAME
Geographic name United Kingdom
690 ## - LOCAL SUBJECT ADDED ENTRY--TOPICAL TERM (OCLC, RLIN)
Topical term or geographic name as entry element Planning and development
9 (RLIN) 6259
856 40 - ELECTRONIC LOCATION AND ACCESS
Uniform Resource Identifier <a href="https://www.rics.org/news-insights/research-and-insights/the-exercise-of-permitted-development-rights-in-england-since-2010">https://www.rics.org/news-insights/research-and-insights/the-exercise-of-permitted-development-rights-in-england-since-2010</a>
Public note Available free on RICS.org
942 ## - ADDED ENTRY ELEMENTS (KOHA)
Suppress in OPAC 0
Source of classification or shelving scheme Dewey Decimal Classification
Holdings
Withdrawn status Lost status Source of classification or shelving scheme Damaged status Not for loan Home library Current library Shelving location Date acquired Total Checkouts Full call number Barcode Date last seen Copy number Price effective from Koha item type
    Dewey Decimal Classification     Virtual Virtual Online 17/05/2018   ONLINE PUBLICATION 160073-2001 25/08/2024 1 06/08/2019 Book